000 01208nam0a2200325 4500
001 RU\NLR\bibl\1395182
005 20250615202208.0
010 _a978-5-9533-1927-0
_bв пер.
_93000
021 _aRU
_b2009-41696
_92534
035 _a(nilc)RSL-KNO-004334127
035 _a(NLR Aleph) 001387209
090 _a1139198
_c1139198
100 _a20090515d2009 |||y0rusy50 ca
101 0 _arus
102 _aRU
105 _aa zzzz|||||
200 1 _aРюриковичи и Русь
_eот Рюрика до смутного времени
_e[иллюстрированный исторический словарь]
_fВ. В. Богуславский
210 _aМосква
_cВече
_d2009
215 _a431 с.
_cил., карты
_d27
320 _aБиблиогр.: с. 421-431
607 _aРоссия
_jСловари
_xИстория
_z8 - 17 вв.
_92154130
_3RU\NLR\auth\661296956
686 _aТ3(2)4я21
_2rubbk
686 _aТ3(2)я21
700 1 _aБогуславский
_bВ. В.
_gВладимир Вольфович
_4070
801 0 _aRU
_bРКП
_c20090515
_grcr
801 1 _aRU
_bРГБ
_c20090515
801 2 _aRU
_bNLR
_c20090723
_grcr
942 _cBOOK
980 _aNB